000 00650nam a2200193 i 4500
001 128267
003 ES-MaACL
005 20230906193221.0
007 t|
008 070627s1970 sp ||||1| spa d
080 _a617-079.4
100 1 _aZittel, R. X.
_9118308
245 1 0 _aDiagnóstico diferencial de las enfermedades quirúrgicas /
_cR.X. Zittel ; versión española por el doctor Francisco Morillo Pereña.
260 _aBarcelona :
_bCientífico-Médica,
_c1970.
300 _aXII, 252 p. :
_bil. ;
_c26 cm.
650 4 _aDiagnóstico diferencial.
_911852
700 1 _aMorillo Pereña, Francisco.
_983560
852 4 _aES-MaACL
_jC-37539
999 _c128267
_d128267